Statistics for Top 15 Countries with Covid-19 Cases - 23 June 2021

Click here to take the quiz!

General Stats

  • This quiz has been taken 13 times
  • The average score is 15 of 27

Answer Stats

country% Correct
United Kingdom
100%
France
92%
India
92%
United States
92%
Brazil
85%
Germany
85%
Spain
85%
Iran
77%
Mexico
77%
Russia
77%
Colombia
69%
Italy
69%
Turkey
69%
Argentina
62%
Netherlands
62%
Poland
62%
Sweden
54%
Belgium
38%
Czechia
38%
Israel
38%
Lithuania
23%
Bahrain
15%
Estonia
15%
Slovenia
15%
Georgia
8%
Panama
8%
Uruguay
0%

Score Distribution

Percentile by Number Answered

Percent of People with Each Score

Your Score History

You have not taken this quiz